Countries that end in S - Statistics

General Stats
  • This quiz has been taken 40 times
    35 since last reset
  • The average score is 14 of 17
Answer Stats
Population Country % Correct
59 k Marshall Islands
93%
869 k Comoros
90%
53 k Saint Kitts and Nevis
90%
98 k Seychelles
90%
68 k Solomon Islands
90%
393 k Bahamas
83%
109,58 mil Philippines
83%
287 k Barbados
79%
540 k Maldives
79%
1,27 mil Maurituis
79%
110 k Saint Vincent and the Grenadines
79%
9,89 mil United Arab Emirates
79%
1,2 k Cyprus
76%
7,27 mil Laos
76%
9,44 mil Belarus
69%
17,13 mil Netherlands
69%
9,9 mil Honduras
66%
No matching quizzes found
Score Distribution
Percent of People with Each Score
Percentile by Number Answered
Your Score History
You have not taken this quiz since the last reset